00531nam a22001571i 450000100060000010000410000610100080004720000560005521500240011130000550013570000250019021000340021521000640024922500320031341000280034521648 a20170304u u u0frey50 ba0 apor1 fSibila MarquesaDiscriminação da terceira idade a102, [10] p.d21 cm aOferta da Fundação Francisco Manuel dos Santos 1aMarquesbSibila4070 cRelógio D'ÁguadD.L. 2011 cFundação Francisco Manuel dos SantosaLisboadD.L. 20112 aEnsaios da Fundaçãov12 0tEnsaios da Fundação